000 00546nam a22001577a 4500
003 OSt
005 20151117141935.0
008 151117b xxu||||| |||| 00| 0 eng d
040 _cRUA
082 _aFIS វ៉ាន់ 1991 B145 Or.1
100 _93786
_aវ៉ាន់ ហុង
245 _aស្ថានភាពអនុវត្តផែនការអាជីវកម្មនេសាទរបស់អង្គភាពបង្កងវារ
260 _aPhnom Penh
_bRUA
_c1991
300 _a90p.
_bill.
_c29cm.
942 _2ddc
_cFIS
999 _c3522
_d3522